000 00536nam a2200181Ia 4500
001 13298
005 20260306164751.0
008 260306t2000||||xx |||||||||||||| ||spa||
041 _aESP
082 _a001.42
_bM42 2000
100 _aMéndez Álvarez, Carlos Eduardo
_eAUT
245 0 _aMetodología:
_bguía para elaborar diseños de investigación en ciencias económicas, contables y administrativas
260 _c2000
300 _axvii, 170 páginas :
_c24 cm.
650 _aGEN
654 _aCHU
942 _cLIB
_dJUS
_fJUS
_2ddc
_n
999 _c13298
_d13298